000 00775nam a2200301Ia 4500
008 170203s9999 xx 000 0 und d
020 _a9781596431867
050 _aFic
050 _bD815r
100 _aDubosarsky, Ursula, 1961-
245 _aRex /
245 _cUrsula Dubosarsky; illustrated by David Mackintosh.
250 _a1st American ed.
260 _aNew Milford, Conn. :
260 _bRoaring Brook Press,
260 _c©2005.
300 _a1 volume :
300 _bcolor illustrations ;
300 _c26 cm
500 _a"A Neal Porter book."
650 _aChameleons as pets--
650 _aPets--
650 _aSchools--
650 _xFiction.
650 _xFiction.
650 _xFiction.
700 _aMackintosh, David, ill.
999 _c306323
_d306323